000 00322nam a2200133Ia 4500
008 191201s2009 xx 000 0 und d
082 _a005.26
_bHAM
100 _aHALL, Douglas V
245 0 _aMicroprocessors and Interfacing
260 _aN.Delhi
_bTMH
_c2009
300 _amisc
650 _aB.Tech(ECE)
942 _2ddc
_cBK
999 _c4071
_d4071